000 00456nam a2200181 a 4500
001 14992
003 CO-ViMGA
008 141112s2004 ck r 000 u spa d
040 _aCO-ViMGA
_bspa
_cCO-ViMGA
082 0 4 _aRODgr
100 1 _aRodriguez, Sara Margarita
_921740
245 1 0 _aLa gallinita roja
260 _aMexico,
_cTrillas,
_c1989
300 _a31.p.
490 _aCuentame un cuento
650 1 4 _aCUENTOS INFANTILES
_92743
942 _2ddc
_cBK
999 _c25430
_d25430